<?xml version="1.0" encoding="UTF-8"?>
<record
    xmlns:xsi="http://www.w3.org/2001/XMLSchema-instance"
    xsi:schemaLocation="http://www.loc.gov/MARC21/slim http://www.loc.gov/standards/marcxml/schema/MARC21slim.xsd"
    xmlns="http://www.loc.gov/MARC21/slim">

  <leader>02787nam a2200397 i 4500</leader>
  <controlfield tag="001">193308</controlfield>
  <controlfield tag="003">SpMaBN</controlfield>
  <controlfield tag="005">20250712063137.0</controlfield>
  <controlfield tag="007">ta</controlfield>
  <controlfield tag="008">231102s2023   sp     | |||| 000 f spa  </controlfield>
  <datafield tag="017" ind1=" " ind2=" ">
    <subfield code="a">B 6432-2016</subfield>
    <subfield code="b">Oficina Dep&#xF3;sito Legal Barcelona</subfield>
  </datafield>
  <datafield tag="020" ind1=" " ind2=" ">
    <subfield code="a">9788432229077</subfield>
  </datafield>
  <datafield tag="035" ind1=" " ind2=" ">
    <subfield code="a">(OCoLC)937795048</subfield>
  </datafield>
  <datafield tag="035" ind1=" " ind2=" ">
    <subfield code="a">a5741867</subfield>
  </datafield>
  <datafield tag="040" ind1=" " ind2=" ">
    <subfield code="a">SpMaBN</subfield>
    <subfield code="b">spa</subfield>
    <subfield code="c">SpMaBN</subfield>
    <subfield code="e">rdc</subfield>
    <subfield code="d">ES-MaACL</subfield>
  </datafield>
  <datafield tag="080" ind1=" " ind2=" ">
    <subfield code="a">821.134.2-31"19"</subfield>
  </datafield>
  <datafield tag="100" ind1="1" ind2=" ">
    <subfield code="a">Montero, Rosa,</subfield>
    <subfield code="d">1951-</subfield>
    <subfield code="0">XX968899</subfield>
    <subfield code="e">aut</subfield>
    <subfield code="9">82503</subfield>
  </datafield>
  <datafield tag="245" ind1="1" ind2="3">
    <subfield code="a">El peso del coraz&#xF3;n /</subfield>
    <subfield code="c">Rosa Montero</subfield>
  </datafield>
  <datafield tag="250" ind1=" " ind2=" ">
    <subfield code="a">Tercera impresi&#xF3;n: enero de 2023</subfield>
  </datafield>
  <datafield tag="260" ind1=" " ind2=" ">
    <subfield code="a">Barcelona :</subfield>
    <subfield code="b">Seix Barra, </subfield>
    <subfield code="c">2023</subfield>
  </datafield>
  <datafield tag="300" ind1=" " ind2=" ">
    <subfield code="a">397 p&#xE1;ginas ;</subfield>
    <subfield code="c">19 cm</subfield>
  </datafield>
  <datafield tag="336" ind1=" " ind2=" ">
    <subfield code="a">Texto (visual)</subfield>
    <subfield code="2">isbdcontent</subfield>
  </datafield>
  <datafield tag="337" ind1=" " ind2=" ">
    <subfield code="a">sin mediaci&#xF3;n</subfield>
    <subfield code="2">isbdmedia</subfield>
  </datafield>
  <datafield tag="338" ind1=" " ind2=" ">
    <subfield code="2">rdacarrier</subfield>
    <subfield code="a">volumen</subfield>
  </datafield>
  <datafield tag="490" ind1="0" ind2=" ">
    <subfield code="a">Bruna Husky ;</subfield>
    <subfield code="v">2</subfield>
  </datafield>
  <datafield tag="520" ind1=" " ind2=" ">
    <subfield code="a">Contratada para resolver un caso a primera vista sencillo, la detective Bruna Husky se enfrenta a una trama de corrupci&#xF3;n internacional que amenaza con desestabilizar el fr&#xE1;gil equilibrio entre una Tierra convulsa y la dictadura religiosa de Reino de Labari. En un futuro en el que la guerra est&#xE1; supuestamente erradicada, Bruna lucha contrarreloj por la libertad y en defensa de la vida, mientras asimila los sentimientos contradictorios que le produce hacerse cargo de una ni&#xF1;a peque&#xF1;a.

Bruna Husky es una superviviente capaz de todo que se debate entre la autosuficiencia y la desesperada necesidad de cari&#xF1;o. Es una fiera atrapada en la c&#xE1;rcel de su corta vida, un tigre que va y viene ante los barrotes de su jaula &#xAB;para que no se le escape el &#xFA;nico y brev&#xED;simo instante de la salvaci&#xF3;n&#xBB;, como el felino de la bella frase de Elias Canetti.

'El peso del coraz&#xF3;n' es un thriller, una novela de aventuras pol&#xED;tica y ecol&#xF3;gica, de fantas&#xED;a y ciencia ficci&#xF3;n, un relato m&#xED;tico, un cuento para adultos, una reflexi&#xF3;n sobre la creaci&#xF3;n literaria, una met&#xE1;fora sobre el peso de la vida y la oscuridad de la muerte&#x2026; &#xA1;Y una historia de amor!

Rosa Montero regresa al mundo fascinante que cre&#xF3; en 'L&#xE1;grimas en la lluvia' y nos sorprende de nuevo con esa potencia narrativa que ha convertido a Bruna Husky en una protagonista legendaria.</subfield>
  </datafield>
  <datafield tag="586" ind1=" " ind2=" ">
    <subfield code="a">En cub.: Premio Nacional de las Letras</subfield>
  </datafield>
  <datafield tag="655" ind1=" " ind2="7">
    <subfield code="9">234410</subfield>
    <subfield code="a">Novelas de suspense</subfield>
  </datafield>
  <datafield tag="852" ind1=" " ind2=" ">
    <subfield code="a">ES-MaACL</subfield>
    <subfield code="9">200748</subfield>
    <subfield code="b">R.154720</subfield>
    <subfield code="j">N-9494</subfield>
    <subfield code="c">DEPOJ</subfield>
    <subfield code="h">Donaci&#xF3;n: Rosa Montero </subfield>
    <subfield code="g">Dedicatoria aut&#xF3;grafa de la autora</subfield>
    <subfield code="x">Encuadernaci&#xF3;n r&#xFA;stica</subfield>
  </datafield>
  <datafield tag="903" ind1=" " ind2=" ">
    <subfield code="a">Montero, Rosa,</subfield>
    <subfield code="d">1951-</subfield>
    <subfield code="e">dnr</subfield>
    <subfield code="9">82503</subfield>
  </datafield>
  <datafield tag="942" ind1=" " ind2=" ">
    <subfield code="n">0</subfield>
    <subfield code="c">MONOGRAFIA</subfield>
  </datafield>
  <datafield tag="999" ind1=" " ind2=" ">
    <subfield code="c">193308</subfield>
    <subfield code="d">193308</subfield>
  </datafield>
  <datafield tag="952" ind1=" " ind2=" ">
    <subfield code="0">0</subfield>
    <subfield code="1">0</subfield>
    <subfield code="2">udc</subfield>
    <subfield code="4">0</subfield>
    <subfield code="7">0</subfield>
    <subfield code="8">Librosdedicados</subfield>
    <subfield code="a">ATENEOM</subfield>
    <subfield code="b">ATENEOM</subfield>
    <subfield code="c">DEPOJ</subfield>
    <subfield code="d">2023-11-02</subfield>
    <subfield code="e">DONACION</subfield>
    <subfield code="j">1</subfield>
    <subfield code="l">0</subfield>
    <subfield code="o">N-9494</subfield>
    <subfield code="p">101206037</subfield>
    <subfield code="r">2023-11-02 00:00:00</subfield>
    <subfield code="w">2023-11-02</subfield>
    <subfield code="y">MONOGRAFIA</subfield>
    <subfield code="z">Dedicatoria aut&#xF3;grafa de la autora</subfield>
  </datafield>
</record>
